000 00425nam a22001697a 4500
005 20160428165333.0
008 160428b xxu||||| |||| 00| 0 eng d
020 _a81-7808231-4
041 _aeng
082 _b00712
100 _aDate, C.J.
_9192
245 _aAn Introduction to: Data Base System
260 _aNew Delhi
_bPearson Education,
_c2003
300 _a938
650 _aInformation Technology
_9137
942 _cBK
999 _c206
_d206